000
00224nam a2200085Ia 4500
245
0
_a
Rowan's greatest knits
100
_a
Buller, Kate Newtown, 2009
_9
85072
942
_c
BK
008
210817s9999 xx 000 0 und d
999
_c
316121
_d
316120